| Tag |
First Indicator |
Second Indicator |
Subfields |
| LEADER |
00000cam a2200000 i 4500 |
| 001 |
in00003461421 |
| 005 |
20151206104546.0 |
| 008 |
760916s1976 iaua b 00000 eng |
| 010 |
|
|
|a 76004225
|
| 020 |
|
|
|a 0840314396
|
| 040 |
|
|
|d UtOrBLW
|
| 082 |
0 |
|
|a 371.2
|
| 090 |
|
|
|a LB2806
|b .C515 1978
|
| 245 |
0 |
0 |
|a Classroom supervision and instructional improvement :
|b a synergetic process /
|c by Jerry J. Bellon [and others].
|
| 264 |
|
1 |
|a Dubuque, Iowa :
|b Kendall/Hunt Pub. Co.,
|c 1978
|
| 264 |
|
4 |
|c ©1976
|
| 300 |
|
|
|a viii, 76 pages :
|b illustrations ;
|c 23 cm.
|
| 336 |
|
|
|a text
|b txt
|2 rdacontent
|
| 337 |
|
|
|a unmediated
|b n
|2 rdamedia
|
| 338 |
|
|
|a volume
|b nc
|2 rdacarrier
|
| 504 |
|
|
|a Includes bibliographies.
|
| 650 |
|
0 |
|a School supervision.
|
| 700 |
1 |
|
|a Bellon, Jerry J.
|
| 999 |
|
|
|a MARS
|
| 999 |
f |
f |
|s 915167b3-faa5-378e-8a99-b8258c99341e
|i 74d89cf9-a2b7-3c4f-be36-d06cbd2b434e
|t 0
|
| 952 |
f |
f |
|p ric
|a Texas A&M University
|b Rellis Campus
|c Joint Library Facility
|d Remote Storage
|t 0
|e LB2806 .C515 1978
|h Library of Congress classification
|i unmediated -- volume
|m 32060002682652
|
| 998 |
f |
f |
|a LB2806 .C515 1978
|t 0
|l Remote Storage
|